000 00221nam a2200097Ia 4500
005 20251222114356.0
008 251222s1900||||xx |||||||||||||| ||spa||
082 _aDVD0092/M43
245 0 _aIl volto del risorto.
942 _cDVD
999 _c1443
_d1443